[Event "Quebec Montcalm op 5th"]
[Site "Quebec"]
[Date "2005.??.??"]
[Round "2"]
[White "Bourassa, Andre"]
[Black "Carignan, Antoine"]
[Result "1-0"]
[WhiteElo "1635"]
[BlackElo "1452"]
[PlyCount "33"]
[EventDate "2005.??.??"]
[EventType "swiss"]
[EventRounds "5"]
[EventCountry "CAN"]
[SourceTitle "EXT 2006"]
[Source "ChessBase"]
[SourceDate "2005.11.24"]
[SourceVersion "1"]
[SourceVersionDate "2005.11.24"]
[SourceQuality "1"]

1. d4 Nf6 2. c4 e5 3. dxe5 Ng4 4. Bf4 Nc6 5. Nf3 Bc5 6. e3 Qe7 7. a3 a5 8. Qd5 h5 9. h3 Nh6 10. Nc3 d6 11. exd6 cxd6 12. Nb5 Nf5 13. Bd3 Be6 14. Qe4 0-0 15. g4 Qf6 16. gxf5 Qxb2 17. Rb1 1-0